| 000 | 00668nam a2200217Ii 4500 | ||
|---|---|---|---|
| 003 | JO-AjNU | ||
| 008 | 230605s9999||||xx |||||||||||||| ||und|| | ||
| 017 | _a2012/5/1597 | ||
| 040 |
_aJO-AjNU _bara _erda _cJO-AjNU |
||
| 041 | _aara | ||
| 050 | 1 | 4 | _aG155 2014 |
| 100 | 3 |
_aتاليف صالح، هاشم محمد, _eauthor _951113 |
|
| 245 | 0 | 0 | _aالجغرافيا السياحية |
| 250 | _aط1 | ||
| 264 | 3 | 1 | _aعمان: مكتبة المجتمع العربي، 2014 |
| 300 | _a249ص | ||
| 336 |
_atext _btxt _2rdacontent |
||
| 337 |
_aunmediated _bn _2rdamedia |
||
| 338 |
_avolume _bnc _2rdacarrier |
||
| 650 | 4 |
_aالجغرافيا السياحية _951114 |
|
| 999 |
_aA22557 _c26125 _d26125 |
||